| 000 | 01284cam a2200397 i 4500 | ||
|---|---|---|---|
| 001 | 100009 | ||
| 005 | 20230410103610.0 | ||
| 008 | 771027s1977 nju b 001 0 eng | ||
| 010 | _a 76024618 | ||
| 035 | _a(OCoLC)ocm03421990 | ||
| 040 |
_aDLC _cDLC _dOCLCQ _dNIALS _dDEBBG |
||
| 020 |
_a0498019462 : _c$8.95 |
||
| 020 | _a9780498019463 | ||
| 029 | 1 |
_aNZ1 _b4046576 |
|
| 029 | 1 |
_aAU@ _b000001054183 |
|
| 029 | 1 |
_aDEBBG _bBV003339350 |
|
| 035 | _a(OCoLC)3421990 | ||
| 043 | _as-ve--- | ||
| 050 | 1 | 4 |
_a120 F 2325 _bH777g 1977 |
| 082 | 0 | 0 | _a320.9/87/062 |
| 100 | 1 | _aHood, Miriam. | |
| 245 | 1 | 0 |
_aGunboat diplomacy, 1895-1905 : _bgreat power pressure in Venezuela / _cMiriam Hood. |
| 260 |
_aSouth Brunswick [N.J.] : _bA.S. Barnes, _c1977 |
||
| 300 |
_a202 p. ; _c22 cm. |
||
| 504 | _aIncludes bibliographical references (p. 195-200) and index. | ||
| 651 | 0 |
_aVenezuela _xHistory _yAnglo German Blockade, 1902. |
|
| 651 | 0 |
_aVenezuela _xForeign relations _y1830-1935. |
|
| 651 | 0 |
_aVenezuela _xPolitics and government _y1830-1935. |
|
| 651 | 4 |
_aVenezuela _xPolĂtica y gobierno, 1895-1905 (+). |
|
| 651 | 4 |
_aVenezuela _xHistoria _y1895-1905. |
|
| 650 | 4 |
_aSociologĂa _zVenezuela. |
|
| 650 | 4 | _a20150900 | |
| 942 |
_2lcc _cbk |
||
| 994 |
_aC0 _bDRFGD |
||
| 946 | _aJPR | ||
| 999 |
_c22155 _d22155 |
||